000 00806nam a2200253Ia 4500
003 OSt
005 20220923220058.0
006 a|||||r|||| 00| 0
007 ta
008 220922b |||||||| |||| 00| 0 hin d
024 _a184,052
037 _cTextual
040 _aARTS
_cARTS
_bhin
041 _2hin
_ahin
082 _aO152,1NHAx, M1
100 _aहॅंस, उदय भानु
245 0 _aहरियाणा गौरव गाथा
246 _aHariyāṇā gaurav gāthā
260 _aभिवानी
_b शिशिर प्रकाशन
_c1981
300 _a174 पृ.
_ccm.
650 _aहिन्दी साहित्य
_9156264
942 _hO152,1NHAx, M1
_cTEXL
_2CC
999 _c337351
_d337351